000
00198nam a22001097a 4500
041
_a
eng
080
_a
80
100
_a
Brien, Alistair
245
_a
Schauplatz.
650
_a
German
999
_c
281896
_d
281896
942
_c
BK